Handwriting analysis through syntactic pattern recognition : basics, concepts and applications of LAT /

Bibliografski detalji
Glavni autor: Jammi, Ashok (Autor)
Format: Knjiga
Jezik:English
Izdano: Saarbrücken, Germany : LAP LAMBERT Academic Publishing, c2016.
Teme:
Classic Catalogue: View this record in Classic Catalogue
LEADER 03273nam a22003377a 4500
001 45209
003 BD-DhAAL
005 20251223215821.0
008 251223t2016 ge a|||| b||| 001 0 eng d
020 |a 9783659978647 
040 |a BD-DhAAL  |c BD-DhAAL 
082 |a 006.4  |2 22 
100 1 |a Jammi, Ashok,  |e Author.  |9 59789 
245 1 0 |a Handwriting analysis through syntactic pattern recognition :  |b basics, concepts and applications of LAT /  |c Ashok Jammi. 
246 |a Handwriting analysis through syntactic pattern recognition 
260 |a Saarbrücken, Germany :   |b LAP LAMBERT Academic Publishing,  |c c2016. 
300 |a 75 pages :  |b illustrations ;  |c 22 cm 
504 |a Includes bibliographical references and index. 
526 8 |a CSE  |x Annajiat Alim Rasel Senior Lecturer Department of Computer Science and Engineering BRAC University Course Name and No.: Advanced syntactic pattern recognition (CSE 713) 
541 1 |a Book Finder International  |e 45209, 45210, 45211, 45212, 45213 
650 |a Pattern recognition systems 
650 |a Computer vision. 
650 |a Writing  |x Data processing.  |9 59991 
650 |a Computer science. 
942 |2 ddc  |c BK 
999 |c 47622  |d 47622 
952 |0 0  |1 0  |2 ddc  |4 0  |6 006_400000000000000_JAM  |7 0  |9 78593  |a BRACUL  |b BRACUL  |c NEW  |d 2025-12-09  |e Book Finder International   |g 3786.00  |l 0  |o 006.4 JAM  |p 3010045210  |r 2026-01-17  |t 2  |v 7572.00  |w 2025-12-09  |y BK  |x Requisitioned by Annajiat Alim Rasel (Senior Lecturer, Department of Computer Science and Engineering, BRAC University) for the course named- 'Advanced Syntactic Pattern Recognition (CSE713)'  
952 |0 0  |1 0  |2 ddc  |4 0  |6 006_400000000000000_JAM  |7 0  |9 78594  |a BRACUL  |b BRACUL  |c GEN  |d 2025-12-09  |e Book Finder International   |g 3786.00  |l 0  |o 006.4 JAM  |p 3010045211  |r 2025-12-09  |t 3  |v 7572.00  |w 2025-12-09  |y BK  |x Requisitioned by Annajiat Alim Rasel (Senior Lecturer, Department of Computer Science and Engineering, BRAC University) for the course named- 'Advanced Syntactic Pattern Recognition (CSE713)' 
952 |0 0  |1 0  |2 ddc  |4 0  |6 006_400000000000000_JAM  |7 0  |9 78595  |a BRACUL  |b BRACUL  |c GEN  |d 2025-12-09  |e Book Finder International   |g 3786.00  |l 0  |o 006.4 JAM  |p 3020045212  |r 2025-12-09  |t 4  |v 7572.00  |w 2025-12-09  |y BK  |x Requisitioned by Annajiat Alim Rasel (Senior Lecturer, Department of Computer Science and Engineering, BRAC University) for the course named- 'Advanced Syntactic Pattern Recognition (CSE713)' 
952 |0 0  |1 0  |2 ddc  |4 0  |6 006_400000000000000_JAM  |7 0  |9 78596  |a BRACUL  |b BRACUL  |c GEN  |d 2025-12-09  |e Book Finder International   |g 3786.00  |l 0  |o 006.4 JAM  |p 3010045213  |r 2025-12-09  |t 5  |v 7572.00  |w 2025-12-09  |y BK  |x Requisitioned by Annajiat Alim Rasel (Senior Lecturer, Department of Computer Science and Engineering, BRAC University) for the course named- 'Advanced Syntactic Pattern Recognition (CSE713)' 
952 |0 0  |1 0  |2 ddc  |4 0  |6 006_400000000000000_JAM  |7 0  |9 78597  |a BRACUL  |b BRACUL  |c CIR  |d 2025-12-09  |e Book Finder International  |g 3786.00  |l 0  |o 006.4 JAM  |p 3010045209  |r 2025-12-09  |t 1  |v 7572.00  |w 2025-12-09  |y 1HOUR  |x Requisitioned by Annajiat Alim Rasel (Senior Lecturer, Department of Computer Science and Engineering, BRAC University) for the course named- 'Advanced Syntactic Pattern Recognition (CSE713)' ; As instructed by the University Librarian, the book has been placed on a one hour loan period following the receipt of five copies.